| 000 | 01084 a2200253 4500 | ||
|---|---|---|---|
| 003 | Nust | ||
| 005 | 20230221103941.0 | ||
| 010 | _a 86007077 | ||
| 020 | _a0226319830 : | ||
| 020 | _a0226319849 (pbk.) : | ||
| 040 | _cNust | ||
| 082 | 0 | 0 | _a301, HAW |
| 100 | 1 |
_aHawley, Amos Henry. _937519 |
|
| 245 | 1 | 0 |
_aHuman Ecology : _bA Theory of Community Structure _cAmos H. Hawley. |
| 260 |
_aChicago : _bUniversity of Chicago Press, _cc1986. |
||
| 300 |
_aviii, 168 p. : _bill. ; _c22 cm. |
||
| 490 | 0 | _aA Chicago original paperback | |
| 505 | _aPART-1: Ecology and Human Ecology (Page-1), PART-2: The Human Aggregate (Page-75), PART-3: Ecological Organization (Page-175), PART-4: Change and Development (Page-317). | ||
| 650 | 0 | _aHuman ecology. | |
| 856 | 4 | 2 |
_3Contributor biographical information _uhttp://www.loc.gov/catdir/enhancements/fy0609/86007077-b.html |
| 856 | 4 | 2 |
_3Publisher description _uhttp://www.loc.gov/catdir/enhancements/fy0608/86007077-d.html |
| 856 | 4 | 2 |
_3Table of contents only _uhttp://www.loc.gov/catdir/enhancements/fy0608/86007077-t.html |
| 942 |
_2ddc _cBK |
||
| 999 |
_c184072 _d184072 |
||